LIBRARY & INFORMATION CENTRE, KCAET, TAVANUR

ONLINE PUBLIC ACCESS CATALOGUE (OPAC)

Technical education in India today / (Record no. 11764)

MARC details
000 -LEADER
fixed length control field 00458cam a2200169ua 4500
041 ## - LANGUAGE CODE
Language code of text/sound track or separate title eng
082 ## - DEWEY DECIMAL CLASSIFICATION NUMBER
Classification number 378.013
Item number CHA/TE
100 ## - MAIN ENTRY--AUTHOR NAME
Personal name Chandrakant, L.S .
245 ## - TITLE STATEMENT
Title Technical education in India today /
260 ## - PUBLICATION, DISTRIBUTION, ETC. (IMPRINT)
Place of publication India :
Name of publisher Ministry of Scientific research & Cultural affairs ,
Year of publication 1963.
300 ## - PHYSICAL DESCRIPTION
Number of Pages 107 ; .
942 ## - ADDED ENTRY ELEMENTS (KOHA)
Koha item type Books
Holdings
Withdrawn status Lost status Damaged status Home library Current library Date acquired Full call number Accession Number Koha item type
Withdrawn     KAUAET Sanskrit University 07/04/2012 378.013 2652 Books
free website counter